| 000 | 00954nam a22002177a 4500 | ||
|---|---|---|---|
| 999 |
_c12542 _d12542 |
||
| 003 | AR-CdUCM | ||
| 008 | 190409b ||||| |||| 00| 0 spa d | ||
| 040 |
_aMUNICIPALIDAD PROVINCIAL DEL CUSCO _cBIBLIOTECA MUNICIPAL DEL CUSCO |
||
| 082 |
_a345.73 / _bC78 / 1914 |
||
| 100 |
_aCorte suprema de justicia _930424 |
||
| 245 |
_aAnales judiciales : _bSección judicial / |
||
| 260 | _c1914. | ||
| 300 |
_a489 páginas ; _c22 cm. _btablas, |
||
| 500 | _aEl texto no cuenta con tapa ni contra tapa. | ||
| 505 | _aContenido : Renunciados la apelación y de mas recursos legales contra el laudo arbitral bajo el imperio del código antiguo, es inadmisible la demanda de nulidad interpuesta ante un juez de 1° instancia -- El juicio sobre la propiedad no es el contradictorio del de posesión ... | ||
| 650 |
_aSección judicial _930425 |
||
| 650 |
_aDerecho _9739 |
||
| 650 |
_aPoder judicial _96955 |
||
| 942 |
_2ddc _cLIBROS |
||
| 945 |
_arah _d09/04/2019 |
||